Score 0/16 Timer 03:00
0 Plays Today
Hint Answer % Correct
Run For Your _____Life
91.3%
The Carol _____ ShowBurnett
90.7%
The Rocky and _____ ShowBullwinkle
90%
The _____ SquadMod
87.9%
Love, _____ StyleAmerican
78.6%
_____ Of Eddie's FatherCourtship
73.3%
My _____ the CarMother
66.7%
_____ of the GiantsLand
61.9%
Hint Answer % Correct
Judd For The _____Defense
44.9%
Here Come The _____Brides
42.9%
Wackiest Ship in the _____Army
40.9%
My Living _____Doll
22.3%
The _____ of Will Sonnett Guns
16.3%
Then Came _____Bronson
14.8%
_____ WestHoney
12.1%
_____ O'TooleEnsign
4.8%

Today's Daily Dose

You're not logged in!

Compare scores with friends on all Sporcle quizzes.
OR
Log In

Sporcle TV

Today on Sporcle TV


Watch our educational content, quiz creation guides, and fun videos on Sporcle TV.

Show Comments

Extras

Top Quizzes Today


Score Distribution

Paid Content

Your Account Isn't Verified!

In order to create a playlist on Sporcle, you need to verify the email address you used during registration. Go to your Sporcle Settings to finish the process.

Report this User

Report this user for behavior that violates our Community Guidelines.

Details: